| 000 | 00744cam a22002533a 4500 | ||
|---|---|---|---|
| 001 | 15378 | ||
| 003 | PGUSA | ||
| 005 | 20140828083329.0 | ||
| 008 | 050316s2005||||xxu|||||s|||||000 | eng d | ||
| 040 |
_aPGUSA _beng |
||
| 042 | _adc | ||
| 050 | 4 | _aPR | |
| 100 | 1 |
_aSwinburne, Algernon Charles, _d1837-1909 |
|
| 245 | 1 | 0 |
_aAtalanta in Calydon _h[electronic resource] / _cAlgernon Charles Swinburne |
| 260 |
_bProject Gutenberg, _c2005 |
||
| 506 | _aPublic domain in the USA. | ||
| 516 | _aElectronic text | ||
| 653 | _aMeleager (Greek mythology) -- Drama | ||
| 653 | _aAtalanta (Greek mythology) -- Drama | ||
| 653 | _aTragedies | ||
| 830 | 0 |
_aProject Gutenberg _v15378 |
|
| 856 | 4 | 0 | _uhttp://www.gutenberg.org/ebooks/15378 |
| 942 | _cEB | ||
| 999 |
_c244633 _d244633 |
||